000 00580nam a2200241Ia 4500
003 OSt
005 20221005122508.0
006 a|||||r|||| 00| 0
007 ta
008 221004b |||||||| |||| 00| 0 tam d
024 _a50711
037 _cTextual
040 _aCRL
_cCRL
_btam
041 _2tam
_atam
082 _aO31,3NSI,1, K3
100 _aSingaram
_9632089
245 0 _aKadalukkuappal
260 _c1963
300 _a212p.
_ccm.
650 _aTAMIL FICTION
942 _hO31,3NSI,1, K3
_cTEXL
_2cc
999 _c1044469
_d1044469